000 00636nam a22002297a 4500
003 UA-OsUOA
001 87079
007 ta
008 20120914b un ||||| |||| 00| 0 ukr d
100 _aАртамонов С. Д.
090 _a82.09(44)
_bА86
942 _cBK
040 _aUA-OsUOA
_brus
_cUA-OsUOA
_dUA-OsUOA
245 _aВольтер и его век
_bкнига для учащихся
300 _a223 с.
955 _a2
041 _arus
080 _a82.09(44)
260 _aМ.
_bПросвещение
_c1980
650 7 _a82 Література. Літературознавство
_2UDC
999 _c373369
_d373369